| 000 -LEADER |
| fixed length control field |
00311nam a22001097a 4500 |
| 008 - FIXED-LENGTH DATA ELEMENTS--GENERAL INFORMATION |
| fixed length control field |
161205b xxu||||| |||| 00| 0 eng d |
| 100 ## - MAIN ENTRY--AUTHOR'S NAME |
| Author's Name |
Pouget, R. |
| 245 ## - TITLE STATEMENT |
| Title |
La fabrication des timbres-poste francais |
| 260 ## - PUBLICATION, DISTRIBUTION, ETC. (IMPRINT) |
| Place of publication, distribution, etc. |
Paris, France |
| Name of publisher, distributor, etc. |
Imprimerie Nationale |
| Date of publication, distribution, etc. |
1954 |
| 500 ## - GENERAL NOTE |
| Materials specified |
Photocopy |
| 650 ## - TOPICAL TERM (Tag) |
| Topical term or geographic name |
France | Production |